000 01111nam1a22003011i 4500
001 v19\rc\1297485
005 20241225192335.0
035 _a(NLR Aleph) 004443676
090 _a4432468
_c4432468
100 _a20060306g18631864|||y0rusy50 ca
101 1 _arus
_cger
102 _aRU
105 _a z |||||
200 1 _aХимическая лаборатория
_eРуководство к практ. изуч. химии без помощи учителя
_eВ 3 ч.
_fСоч. д-ра К. Штаммера
_gПер. с нем. А. Вериго. Ч. 1-3
210 _aСанкт-Петербург
_cРед. журн. "Учитель"
_d1863-1864
215 _a3 т.
_d24
700 1 _aШтаммер
_bК.
_f1828-1893
_gКарл
702 1 _aВериго
_bА.А.
_f1835-1905
_gАлександр Андреевич
_4730
801 0 _aRU
_bNLR
_gpsbo
801 0 _aRU
_bRuMoRGB
_2psbo
801 1 _aRU
_bProSoft-M
_2rusmarc
852 _aNLR
_j18.3.3.22
899 _aRuMoRGB
_jM 16/79
899 _aRuMoRGB
_jU 383/334
899 _aRuMoRGB
_jE 53/46
899 _aБАН
899 _aНБ СПбГУ
942 _cBOOK